التيه المنهجي و محاولات الإفلات : (رقم التسجيلة. 146124)

تفاصيل مارك
000 -الفاتح
عناصر البيانات ثابتة الطول 00780cam a2200205 i 4500
005 - تاريخ ووقت آخر معاملة
حقل ضبط 20260114102843.0
008 - عناصر البيانات ثابتة الطول
عناصر البيانات ثابتة الطول 250721s2023 jo gr 000 0 ara d
020 ## - الترقيم الدولي المعياري للكتب (ردمك)
الترقيم الدولي المعياري للكتب (ردمك) 9789923135877
082 14 - رقم تصنيف ديوي العشري
رقم التصنيف 306
رقم المادة خ ا ل
100 1# - مدخل رئيسي – اسم شخصي
الاسم الشخصي خالص، وليد محمود
علاقة الشخص بالعمل/ دوره مؤلف.
245 12 - بيان العنوان
العنوان التيه المنهجي و محاولات الإفلات :
بقية العنوان دراسات في الكتابة العراقية الحديثة /
بيان المسؤولية د.وليد محمود خالص.
250 ## - بيان الطبعة
بيان الطبعة الطبعة الاولى.
264 31 - بيانات النشر، التوزيع…إلخ
مكان النشر، التوزيع...إلخ عمان :
اسم الناشر، الموزع...إلخ الآن ناشرون و موزعون،
تاريخ النشر، التوزيع...إلخ 2023.
300 ## - الوصف المادي
عدد الوحدات المكونة للوعاء 267صفحة.
650 17 - مدخل إضافي بالموضوع - مصطلح موضوعي
مصطلح موضوعي أو اسم جغرافي كعنصر مدخل الايديولوجيا.
650 17 - مدخل إضافي بالموضوع - مصطلح موضوعي
مصطلح موضوعي أو اسم جغرافي كعنصر مدخل النقافة الجماهيرية.
650 17 - مدخل إضافي بالموضوع - مصطلح موضوعي
مصطلح موضوعي أو اسم جغرافي كعنصر مدخل الكتابة.
942 ## - بيانات إضافية (كوها)
نوع التنصيف Dewey Decimal Classification
نوع المادة (كوها) كتب
المقتنيات
حالة السحب حالة الفقدان مصدر التصنيف حالة التلف غير قابل للإعارة المكتبة الرئيسية المكتبة الحالية موقع الرف تاريخ التزويد الرقم المتسلسل Total Checkouts رقم الإستدعاء الباركود تاريخ آخر ظهور تاريخ الفاتورة نوع المادة (كوها)
    Dewey Decimal Classification     المكتبة المركزية المكتبة المركزية الإعارة 28/07/2025 1784801   306 / خ ا ل PLD00508039 28/07/2025 28/07/2025 كتب
    Dewey Decimal Classification     مكتبة الحسن العامة مكتبة الحسن العامة الإعارة 15/02/2024 1784802   306/خال PLD00508192 28/07/2025 15/02/2024 كتب
Implemented & Customized by: BBB with SCIT (Smart Chains for Information Technology)

Powered by Koha